| 000 | 00492nam a22001697a 4500 | ||
|---|---|---|---|
| 003 | OSt | ||
| 082 |
_a631.587 _bRUK/DE |
||
| 088 | _aT 599 | ||
| 100 |
_aRukmini, R _95735 |
||
| 245 | _aDesign flood estimation of Pazhassi Barrage for effective management of floods / | ||
| 260 |
_bDepartment of Irrigation and Drainage Engineering _c2023 |
||
| 300 | _a141p. | ||
| 650 |
_aDesign flood estimation _95736 |
||
| 650 |
_aFlood management _95737 |
||
| 700 |
_aRema K.P (Guide) _93209 |
||
| 942 | _cTH | ||
| 999 |
_c18067 _d18067 |
||